000
00308nam a22001337a 4500
008
180302b xxu||||| |||| 00| 0 eng d
020
_a
9780135027288
041
_a
eng
080
_a
721 LEF
100
_a
41
101
_a
NDE
245
_a
Sustainable construction and deisgn
_c
Leffers,R
942
_2
udc
_c
BK
999
_c
43972
_d
43972